000 00662nam a22002177a 4500
003 UA-OsUOA
001 118704
007 ta
008 20160913b un ||||| |||| 00| 0 ukr d
100 _aБак Н.А.
090 _a330(477)
_bБ19
942 _cSA
040 _aUA-OsUOA
_bukr
_cUA-OsUOA
_dUA-OsUOA
245 _aДецентралізація в Україні: бюджетні права, обов'язки та відповідальність
300 _aС.64-82
955 _a0
041 _aukr
080 _a330(477)
773 0 _w118699
_tФінанси України
_dК.
_d2016
_g7
650 7 _a330 Економіка взагалі
_2UDC
999 _c404800
_d404800